An introduction to biomaterials / (رقم التسجيلة. 37071)

تفاصيل مارك
000 -الفاتح
حقل البيانات ثابتة الطول 02782cam a22004454a 4500
001 - رقم الضبط
رقم الضبط 16831763
003 - محدد رقم الضبط
رقم الضبط OSt
005 - وقت وتاريخ اخر تعامل مع التسجيلة
رقم الضبط 20150408114236.0
008 - عناصر البيانات ثابتة الطول - معلومات عامة
حقل البيانات ثابتة الطول 110617s2012 flua b 001 0 eng
010 ## - رقم ضبط مكتبة الكونجرس
رقم ضبط مكتبة الكونجرس 2011020824
016 7# - رقم ضبط الوكاله الوطنية للضبط الببليوجرافي
رقم ضبط التسجيلة 015821092
المصدر Uk
016 7# - رقم ضبط الوكاله الوطنية للضبط الببليوجرافي
رقم ضبط التسجيلة 101560784
المصدر DNLM
020 ## - الرقم الدولى المعيارى للكتب
الرقم الدولى المعيارى للكتاب 9781439812563 (hardback)
020 ## - الرقم الدولى المعيارى للكتب
الرقم الدولى المعيارى للكتاب 143981256X (hardback)
035 ## - رقم ضبط النظام
رقم ضبط النظام (OCoLC)ocn707965980
040 ## - مصدر الفهرسة
وكالة الفهرسة الأصلية DLC
وكالة النسخ DLC
وكالة التعديل YDX
-- BTCTA
-- YDXCP
-- UKMGB
-- NLM
-- CDX
-- DLC
042 ## - رمز التحقق
رمز التحقق pcc
050 00 - رقم طلب مكتبة الكونجرس
رقم التصنيف R857.M3
رقم المادة I68 2012
060 00 - رقم الطلب بالمكتبة الطبية الوطنية
رقم التصنيف 2012 A-721
060 10 - رقم الطلب بالمكتبة الطبية الوطنية
رقم التصنيف QT 37
082 00 - رقم تصنيف ديوى العشرى
رقم التصنيف 610.28
رقم الطبعة 23
رقم المادة INB
084 ## - رقم تصنيف آخر
رقم التصنيف MED009000
-- TEC021000
مصدر الرقم bisacsh
245 03 - بيان العنوان
العنوان An introduction to biomaterials /
بيان المسئوليه,etc edited by Jeffrey O. Hollinger.
250 ## - بيان الطبعة
بيان الطبعة 2nd ed.
260 ## - PUBLICATION, DISTRIBUTION, ETC. (IMPRINT)
مكان الناشر او الموزع Boca Raton, FL :
اسم الناشر او الموزع CRC Press/Taylor & Francis,
تاريخ النشر أو التوزيع c2012.
300 ## - الوصف المادى
التعداد xix, 624 p. :
تفاصيل ماديه اخرى للوعاء ill. (some col.) ;
أبعاد الوعاء 26 cm.
490 1# - بيان السلسلة
عنوان السلسلة Biomedical engineering series
504 ## - تبصرة ببليوجرافية
تبصرة ببليوجرافية,الخ Includes bibliographical references and index.
520 ## - التبصرة الخاصة بالتعليق أو التلخيص
ملخص,الخ "The second edition of this popular text includes seven new chapters that provide a comprehensive and up-to-date educational framework for biomaterials education. A new chapter on the biology of wound healing sets the stage for the basic requirements of standardized biomaterials testing and explains the reactions between biomaterials and the living system into which it is implanted. The book explains <EM>in vitro</EM> and <EM>in vivo</EM> testing paradigms and provides numerous examples in the chapters on experimental design, laboratory assays, and animal models. Emphasizing the importance of the regulatory process, it describes how innovation in the biomaterials process relates to patentability and inventorship"--
520 ## - التبصرة الخاصة بالتعليق أو التلخيص
ملخص,الخ "The Second Edition of the Biomaterials textbook consists of 32 chapters that have been conceived and organized as a practical educational roadmap to provide a fundamental understanding of key families of biomaterials and underscore their potential applications in clinical therapeutics. The 32 chapters are organized in 4 sections: Section 1: Biology, Biomechanics, Biomaterials Interactions Section 2: Biomaterials Testing, Statistics, Regulatory Considerations, Intellectual Property Section 3: Biomaterials Compositions Section 4: Biomaterials Applications"--
650 #0 - المدخل الاضافى بالموضوع-مصطلح موضوعى
مصطلح موضوعي أو اسم جغرافي كعنصر مدخل Biomedical materials.
9 (RLIN) 47529
650 12 - المدخل الاضافى بالموضوع-مصطلح موضوعى
مصطلح موضوعي أو اسم جغرافي كعنصر مدخل Biocompatible Materials.
9 (RLIN) 47530
650 22 - المدخل الاضافى بالموضوع-مصطلح موضوعى
مصطلح موضوعي أو اسم جغرافي كعنصر مدخل Equipment Design.
9 (RLIN) 47531
650 22 - المدخل الاضافى بالموضوع-مصطلح موضوعى
مصطلح موضوعي أو اسم جغرافي كعنصر مدخل Prostheses and Implants.
9 (RLIN) 47532
700 1# - المدخل الاضافى - اسم شخصى
الإسم الشخصى Hollinger, Jeffrey O.
9 (RLIN) 47533
830 #0 - المدخل الاضافى بالسلسلة -عنوان موحد
عنوان موحد Biomedical engineering series (Boca Raton, Fla.)
9 (RLIN) 47534
906 ## - عنصر بيانات محلى F, LDF (RLIN)
a 7
b cbc
c orignew
d 1
e ecip
f 20
g y-gencatlg
942 ## - عناصر المدخل الإضافي( كوها)
مصدر التصنيف او مخطط الترفيف Dewey Decimal Classification
Koha [default] item type كتاب
المقتنيات
حالة الفقد نموذج السعر الفعال حالة تلف ليس للاعارة رقم الطلب تاريخ الاكتساب الموقع الحالي الباركود الفرع الرئيسي Date last seen نوع المادة فى نظام كوها مصدر التصنيف او خطة الترفيف Total Checkouts
  2015-02-17     610.28 INB 2015-02-17 المكتبة المركزية بالمجمعة (CL) 00136737 المكتبة المركزية بالمجمعة (CL) 2015-02-17 كتاب Dewey Decimal Classification  
  2015-02-17     610.28 INB 2015-02-17 المكتبة المركزية بالمجمعة (CL) 00136738 المكتبة المركزية بالمجمعة (CL) 2015-02-17 كتاب Dewey Decimal Classification